00885nam a2200313 i 4500003000900000005001700009007000300026008004100029040003000070041000700100082002300107100003700130245003700167264004100204300002800245336002700273337003300300338002800333500010000361505002500461650002800486650003900514700000300553700000300556700000300559700000300562700000300565700000300568DO-SdBNP20250826092427.0ta250826s1973 dr a 000 0 spa d aDO-SdBNPbspacBNPHUerda asp a070.44 bM385p2221 aMartínez, Julio Césareautor1 aProa /cJulio César Martínez 1aSanto Domingo :bRenovación,c1973 a269 páginas ;c23 cm. atextobtxt2rdacontent asin mediaciónbn2rdamedia avolumenbnc2rdacarrier aHomenaje postumo a don César Martínez fiel exponente del periodismo independiente y honesto aBiblioteca tiene v.1 4aEnsayos periodísticos 4aPeriodismozRepública Dominicana